000 00384nam a2200157Ia 4500
005 20240704050852.0
008 240331s9999 xx 000 0 und d
020 _a01402.20372
082 _a155
_bMIL
100 _aMiller, J.B
245 0 _aToward a new psychology of women
260 _aNew york
_bPengiun Books
_c1976
300 _axi, 147 p .,
650 _aPsychology
942 _cL
999 _c748
_d748